00959pam a2200265 a 4500001001000000003000400010005001700014008004100031020001800072020001500090040003800105082002100143100003300164245007700197260008900274300003500363500002400398504003100422650002400453653002000477655002400497942002100521999001700542952013400559015462808OSt20140121121819.0100106t2010 at a frb 001 0 eng d a9781844808915 a1844808912 aStDuBDSbengcStDuBDSdIeDuTCdUk04a006.312222bDUD1 aDu, Hongbo,cM. Phil.93488910aData mining techniques and applications :ban introduction /cHongbo Du. a[Canberra] :bCourse Technology Cengage Learning,cc.2010e(Beijing :fC & C Offset) axvii, 315 p. :bill. ;c25 cm. aIndex : p. 313-315. aBibliography : p. 309-312. 0aData mining.927695 bCScJanuary2014 vreading book934232 2ddck006.312 DUD c17940d17912 00102ddc40708BaccahaMAINbMAINcLOWd2014-01-21epurchasel2m3o006.312 DUDp000035370r2025-07-15 00:00:00s2017-05-20yBB